Về miền đất hứa Exodus : t. II /
Tallennettuna:
| Päätekijä: | |
|---|---|
| Muut tekijät: | |
| Aineistotyyppi: | Sách giấy |
| Kieli: | Vietnamese |
| Julkaistu: |
TP.HCM :
Văn nghệ ,
1990
|
| Tagit: |
Lisää tagi
Ei tageja, Lisää ensimmäinen tagi!
|
| Thư viện lưu trữ: | Thư viện Trường Đại học Đà Lạt |
|---|
| LEADER | 00620nam a2200265 4500 | ||
|---|---|---|---|
| 001 | DLU020015011 | ||
| 005 | ##7/9/2000 | ||
| 020 | # | # | |a 978- |
| 041 | # | # | |a vie |
| 082 | # | # | |a 892.73 |b UR-L |
| 090 | # | # | |a 892.73 |b UR-L |
| 100 | # | # | |a Dương Văn Mua |
| 245 | # | # | |a Về miền đất hứa Exodus : |b t. II / |c Dương Văn Mua, Uris Leon |
| 260 | # | # | |a TP.HCM : |b Văn nghệ , |c 1990 |
| 300 | # | # | |a 564 tr.; |c 19 cm. |
| 700 | # | # | |a Leon, Uris |
| 992 | # | # | |a 18600 |
| 994 | # | # | |a DLU |
| 900 | # | # | |a False |
| 911 | # | # | |a Admin |
| 925 | # | # | |a G |
| 926 | # | # | |a A |
| 927 | # | # | |a SH |
| 980 | # | # | |a Thư viện Trường Đại học Đà Lạt |